Archaeological Survey Report of Greater Faridpur District / (Record no. 18760)

MARC details
000 -LEADER
fixed length control field 00870nam a22001817a 4500
003 - CONTROL NUMBER IDENTIFIER
control field BDDh-ASL
005 - DATE AND TIME OF LATEST TRANSACTION
control field 20231015025730.0
008 - FIXED-LENGTH DATA ELEMENTS--GENERAL INFORMATION
fixed length control field 201022s2000 b ||||| |||| 00| 0 eng d
040 ## - CATALOGING SOURCE
Original cataloging agency BDDh-ASL
Transcribing agency BDDh-ASL
082 ## - DEWEY DECIMAL CLASSIFICATION NUMBER
Classification number 930.1
Item number MIA
100 1# - MAIN ENTRY--PERSONAL NAME
9 (RLIN) 1639
Personal name Miah, Md. Abul Hashem
110 1# - MAIN ENTRY--CORPORATE NAME
9 (RLIN) 1640
Corporate name or jurisdiction name as entry element Department of Archaeology
Subordinate unit MInistry of Cultural Affairs, Govt. of the People's Republic of Bangladesh
245 10 - TITLE STATEMENT
Title Archaeological Survey Report of Greater Faridpur District /
Statement of responsibility, etc. Department of Archaeology, MInistry of Cultural Affairs, Govt. of the People's Republic of Bangladesh
260 ## - PUBLICATION, DISTRIBUTION, ETC.
Place of publication, distribution, etc. Dhaka :
Name of publisher, distributor, etc. Department of Archaeology, MInistry of Cultural Affairs, Govt. of the People's Republic of Bangladesh
Date of publication, distribution, etc. 2000.
300 ## - PHYSICAL DESCRIPTION
Extent 188 p. :
Dimensions 28 cm.
650 #0 - SUBJECT ADDED ENTRY--TOPICAL TERM
Topical term or geographic name entry element Archaeology, প্রত্নতত্ত্ব Pratnatattba
Geographic subdivision Faridpur, Bangladesh
9 (RLIN) 1567
942 ## - ADDED ENTRY ELEMENTS (KOHA)
Source of classification or shelving scheme Dewey Decimal Classification
Koha item type Books
Holdings
Withdrawn status Lost status Source of classification or shelving scheme Damaged status Not for loan Collection code Home library Current library Shelving location Date acquired Source of acquisition Total Checkouts Full call number Barcode Date last seen Copy number Price effective from Koha item type
    Dewey Decimal Classification     Non-fiction Asiatic Society Library Asiatic Society Library General Stacks 10/22/2020 Banglapedia Reference Library   930.1 MIA 101978 10/22/2020 C-1 10/22/2020 Books
    Dewey Decimal Classification     Non-fiction Asiatic Society Library Asiatic Society Library General Stacks 06/29/2021 Complimentary   930.1 MIA 110027 06/29/2021 C-2 06/29/2021 Books

Powered by Koha